[Event "TIPC 2016"]
[Site "Roux"]
[Date "2016.08.01"]
[Round "4.9"]
[White "Van Mechelen, Jan"]
[Black "Gilles, Jean-Claude"]
[Result "1-0"]
[BlackElo "1998"]
[WhiteElo "2249"]
[LiveChessVersion "1.4.6"]

1. d4  Nf6  2. c4  e6
 3. Nf3  b6  4. g3
 Bb7  5. Bg2  Bb4+
 6. Bd2  Bxd2+  7. Qxd2
 O-O  8. Nc3  d6 
9. Qc2  Nbd7  10. O-O  a6
 11. Rad1  Ra7  12. d5
 e5  13. e4  a5 
14. b3  Re8  15. a3  Nf8
 16. Ne1  Bc8  17. Nd3
 Bg4  18. f3  Bd7
 19. b4  axb4  20. axb4
 Qe7  21. Ra1  Rea8
 22. Rxa7  Rxa7  23. f4
 exf4  24. gxf4  Ng4
 25. Qe2  Qf6  26. e5
 dxe5  27. Ne4  Qh4
 28. h3  Nh6  29. fxe5
 Ng6  30. c5  bxc5
 31. bxc5  Bxh3  32. Bxh3
 Qxh3  33. d6  Qe6
 34. Ng5  Qd7  35. Nxf7
 Nxf7  36. e6  Qa4
 37. exf7+  Kf8  38. Qe7+
 Nxe7  39. dxe7+  Kxe7
 40. f8=Q+  Ke6  41. Qf7# Kd5 1-0

[Event "TIPC 2016"]
[Site "Roux"]
[Date "2016.08.01"]
[Round "4.10"]
[White "Cappon, John"]
[Black "Thirion, Marcel"]
[Result "1-0"]
[BlackElo "2125"]
[WhiteElo "2229"]
[LiveChessVersion "1.4.6"]

1. e4  c5  2. d4  cxd4
 3. c3  dxc3  4. Nxc3
 e6  5. Nf3  Nc6 
6. Bc4  a6  7. O-O  b5
 8. Bb3  Nge7  9. Bg5
 f6  10. Be3  Ng6
 11. Nd4  Nxd4  12. Bxd4
 Bd6  13. Qg4  Be5
 14. Be3  Bxc3  15. bxc3
 Qc7  16. Rac1  O-O
 17. f4  Kh8  18. c4
 b4  19. c5  Bb7 
20. Bc2  Ne7  21. Qh4  Rf7
 22. Rf3  f5  23. Rh3
 g6  24. Bd4+  Kg8
 25. exf5  Qc6  26. Rg3
 Qd5  27. Rd1  Nxf5
 28. Rxg6+  Kf8  29. Bxf5
 Qxf5  30. Qh6+  Ke7
 31. Qh4+  Kf8  32. Qh6+
 Ke7  33. Qh4+  Kf8
 34. Rg5  Qxf4  35. Rg4
 Qf5  36. c6  Bxc6
 37. Rg5  Qc2  38. Bc5+
 d6  39. Rxd6  Ke8
 40. Rg8+  Rf8  41. Rd8+
 Kf7  1-0

[Event "TIPC 2016"]
[Site "Roux"]
[Date "2016.08.01"]
[Round "4.11"]
[White "De Villers, Mourad"]
[Black "Vanderwaeren, Serge"]
[Result "1/2-1/2"]
[BlackElo "2208"]
[WhiteElo "2136"]
[LiveChessVersion "1.4.6"]

1. c4 g6 2. g3 Bg7 3. Bg2 Nf6 4. Nc3 O-O 5. Nf3 d6 6. O-O c6 7. d3 Nbd7 8. Rb1 a5
9. a3 Nb6 10. b3 d5 11. c5 d4 12. Ne4 Nbd5 13. Nxf6+ Bxf6 14. Bb2 e5 15. Nd2 Be7
16. Qc2 Be6 17. Rfe1 Nc7 18. Nf3 Na6 19. Nxe5 Nxc5 20. Nc4 Ra6 21. e3 Bf6 22. b4
axb4 23. axb4 Na4 24. Bxd4 Bxd4 25. exd4 Qxd4 26. b5 cxb5 27. Rxb5 b6 28. Ne5 Nc5
29. Nc6 Qf6 30. Nb4 Ra1 31. Qe2 Nd7 32. h3 Ra5 33. Nd5 Bxd5 34. Rxd5 Rxd5 35.
Bxd5 Nc5 36. Bc4 1/2-1/2

[Event "TIPC 2016"]
[Site "Roux"]
[Date "2016.08.01"]
[Round "4.12"]
[White "Faybish, Nimrod"]
[Black "Bruno, Ricardo"]
[Result "1/2-1/2"]
[BlackElo "2024"]
[WhiteElo "2203"]
[LiveChessVersion "1.4.6"]

1. e4 c5 2. Nf3 d6 3. Bc4 Nf6 4. d3 Nc6 5. c3 e6 6. Bb3 Be7 7. O-O O-O 8. Re1 Bd7
9. Nbd2 b5 10. Nf1 a5 11. d4 a4 12. Bc2 cxd4 13. cxd4 e5 14. d5 Nb4 15. Bd2 Nxc2
16. Qxc2 Rc8 17. Qd3 Qb6 18. Qa3 Ng4 19. Ne3 f5 20. Nxg4 fxg4 21. Be3 b4 22. Qd3
1/2-1/2

[Event "TIPC 2016"]
[Site "Roux"]
[Date "2016.08.01"]
[Round "4.13"]
[White "Boucquet, Emile"]
[Black "Vingerhoets, Luc"]
[Result "1-0"]
[BlackElo "1951"]
[WhiteElo "2179"]
[LiveChessVersion "1.4.6"]

1. e4 d6 2. d4 Nf6 3. f3 e5 4. dxe5 dxe5 5. Qxd8+ Kxd8 6. Bc4 Be6 7. Bxe6 fxe6 8.
Nh3 Bd6 9. b3 Nc6 10. Nd2 Nd4 11. Kd1 Ke7 12. Bb2 Rhg8 13. Nc4 b5 14. Ne3 Bc5 15.
Re1 Rad8 16. Kc1 Nc6 17. Nf2 h5 18. Nd3 Bd4 19. a4 b4 20. Bxd4 Rxd4 21. Nc4 Nd7
22. Kb2 a5 23. Rad1 g5 24. Ndxe5 Ndxe5 25. Nxe5 Rxd1 26. Nxc6+ Kd6 27. Rxd1+ Kxc6
28. Rd4 g4 29. f4 g3 30. h3 Rf8 31. e5 Kc5 32. Rc4+ Kb6 33. Re4 c5 34. Kc1 Rd8
35. Re3 h4 36. Rd3 Rd4 37. Rxd4 cxd4 38. Kd2 Kc5 39. Ke2 Kc6 40. Kf3 Kd5 41. Kg4
Ke4 42. Kg5 Ke3 43. f5 Kf2 44. f6 Kxg2 45. f7 Kxh3 46. f8=Q g2 47. Qf2 1-0

[Event "TIPC 2016"]
[Site "Roux"]
[Date "2016.08.02"]
[Round "5.1"]
[White "Gurevich, Mikhail"]
[Black "Sumets, Andrey"]
[Result "1/2-1/2"]
[BlackElo "2551"]
[WhiteElo "2561"]
[LiveChessVersion "1.4.6"]

1. c4  e6  2. g3  d5
 3. Bg2  Nf6  4. Nf3
 Be7  5. O-O  O-O
 6. b3  b6  7. d4
 Bb7  8. Ne5  c6 
9. Nc3  Nbd7  10. Bf4  Nh5
 11. Be3  Nhf6  12. Bf4
 Nh5  13. Be3  Nhf6
 1/2-1/2

[Event "TIPC 2016"]
[Site "Roux"]
[Date "2016.08.02"]
[Round "5.2"]
[White "Carlier, Bruno"]
[Black "Fontaine, Quentin"]
[Result "1/2-1/2"]
[BlackElo "2238"]
[WhiteElo "2403"]
[LiveChessVersion "1.4.6"]

1. e4  c5  2. Nf3  e6
 3. g3  Nc6  4. Bg2
 Nf6  5. Qe2  e5 
6. c3  Be7  7. O-O  O-O
 8. d4  cxd4  9. cxd4
 exd4  10. e5  Ne8
 11. Rd1  Qb6  12. Nbd2
 d5  13. Nb3  Bg4
 14. h3  Bxf3  15. Bxf3
 Nc7  16. Bg2  a5
 17. Bf4  a4  18. Nc1
 a3  19. b3  Nb5 
20. Qg4  Nb4  21. Nd3  Rfd8
 22. Bg5  Nc6  23. Bf6
 g6  24. Qh4  Bf8
 1/2-1/2

[Event "TIPC 2016"]
[Site "Roux"]
[Date "2016.08.02"]
[Round "5.3"]
[White "Miezis, Normunds"]
[Black "Van Mechelen, Jan"]
[Result "1-0"]
[BlackElo "2249"]
[WhiteElo "2498"]
[LiveChessVersion "1.4.6"]

1. c4  e5  2. Nc3  Bb4
 3. g3  Bxc3  4. dxc3
 Nc6  5. Bg2  Nge7
 6. Nf3  d6  7. e4
 Be6  8. Qe2  f6 
9. Nd2  O-O  10. O-O  a6
 11. Rd1  Qe8  12. Nf1
 Na5  13. Ne3  b5
 14. Nd5  Ra7  15. b3
 c6  16. Be3  Rd7
 17. Bb6  Nb7  18. Nc7
 Rxc7  19. Bxc7  Nc8
 20. cxb5  cxb5  21. b4
 Qc6  22. Ba5  Nxa5
 23. bxa5  Qxc3  24. Qd2
 Qa3  25. Rdc1  Bc4
 26. Bf1  d5  27. exd5
 Nd6  28. Bg2  Nf5
 29. Kh1  Rd8  30. f4
 Ne7  31. fxe5  Rxd5
 32. Qf2  Rxe5  33. Re1
 Qxa5  34. Rxe5  fxe5
 35. Qc5  Qc3  36. Rf1
 1-0

[Event "TIPC 2016"]
[Site "Roux"]
[Date "2016.08.02"]
[Round "5.4"]
[White "Capone, Nicola"]
[Black "Okhotnik, Vladimir"]
[Result "1-0"]
[BlackElo "2454"]
[WhiteElo "2397"]
[LiveChessVersion "1.4.6"]

1. e4  d6  2. d4  e5
 3. dxe5  dxe5  4. Qxd8+
 Kxd8  5. Nc3  Be6
 6. Bg5+  f6  7. O-O-O+
 Nd7  8. Be3  c6 
9. f4  Kc7  10. Nf3  Bd6
 11. g3  Ne7  12. fxe5
 Bxe5  13. Nxe5  Nxe5
 14. Bc5  Nc8  15. Be2
 b6  16. Bd4  Nd6
 17. b3  Rae8  18. Bxe5
 fxe5  19. Kd2  Bh3
 20. Ke3  h5  21. Bf1
 Bg4  22. Be2  Ref8
 23. Rhf1  Rf6  24. Rxf6
 gxf6  25. Rf1  Rh6
 26. Bd3  Kd7  27. Ne2
 Ke7  28. Ng1  Nf7
 29. Nf3  Bxf3  30. Kxf3
 h4  31. gxh4  Rxh4
 32. Kg3  Rh8  33. h4
 Nd8  34. Be2  Ne6
 35. Bg4  Rg8  36. Rd1
 Nc5  37. Kf3  Nxe4
 38. Rd7+  Ke8  39. Bf5
 Ng3  40. Be6  f5
 41. Bxg8  Kxd7  42. Kxg3
 Ke7  43. h5  Kf6
 44. h6  b5  45. a3
 c5  46. h7  Kg7 
47. Kf3  a5  48. Be6  1-0

[Event "TIPC 2016"]
[Site "Roux"]
[Date "2016.08.02"]
[Round "5.5"]
[White "Sclacmender, Julien"]
[Black "Cappon, John"]
[Result "1/2-1/2"]
[BlackElo "2229"]
[WhiteElo "2201"]
[LiveChessVersion "1.4.6"]

1. e4  e6  2. d4  d5
 3. Nc3  Nf6  4. Bg5
 Be7  5. e5  Nfd7
 6. Bxe7  Qxe7  7. Qh5
 a6  8. Nf3  c5 
9. dxc5  Nc6  10. Bd3 h6 11. O-O 
g6  12. Qg4  Nxc5  13. a3
 Nxd3  14. cxd3  O-O
 15. Ne2  Kh7  16. Nf4
 Rg8  17. d4  Bd7
 18. Rac1  Raf8  19. Nd3
 Be8  20. b4  g5 21. Rfe1 Rg6 22.
h3 Kg7 23. Nc5 Rh8 24. Qh5 Rf8 25. Rcd1 Nd8 26. Rd2 b6 27. Nd3 Nc6 28. Nc1 a5 29.
b5 Nb8 30. a4 Nd7 31. Qg4 Rh8 32. Ne2 f5 33. exf6+ Rxf6 34. Ng3 Rhf8 35. Ne5 Rf4
36. Qd1 Nf6 37. Rc2 Kh8 38. Nc6 Qd6 39. Rce2 Bxc6 40. Rxe6 Qb4 41. bxc6 Rxd4 42.
Qe2 Rd2 43. Qe5 Qf4 44. Qxf4 gxf4 45. Nf5 Rc2 46. Rb1 Ne4 47. Rxh6+ Kg8 48. Nd4
Rxf2 49. Rxb6 Rd2 50. Ne6 Rd1+ 51. Kh2 Ng3 52. Nxf4 Nf1+ 53. Kg1 Rxf4 54. c7 Ng3+
55. Kh2 Nf1+ 56. Kg1 Ng3+ 57. Kh2 Nf1+ 1/2-1/2

[Event "TIPC 2016"]
[Site "Roux"]
[Date "2016.08.02"]
[Round "5.6"]
[White "Le Quang, Kim"]
[Black "Boucquet, Emile"]
[Result "1/2-1/2"]
[BlackElo "2179"]
[WhiteElo "2264"]
[LiveChessVersion "1.4.6"]

1. e4  c5  2. Nf3  d6
 3. d4  Nf6  4. Nc3
 cxd4  5. Nxd4  a6
 6. h3  e5  7. Nde2
 h5  8. Bg5  Be6 
9. Bxf6  Qxf6  10. Nd5  Bxd5
 11. Qxd5  Nc6  12. Nc3
 Rc8  13. Bd3  Qg5
 14. O-O  Be7  15. Qb3
 b5  16. Nd5  Nd4
 17. Qa3  Rc6  18. c3
 Ne6  19. Qb3  Rc5
 20. Qd1  Nf4  21. Nxf4
 exf4  22. a4  O-O
 23. axb5  axb5  24. Qf3
 Rb8  25. Ra6  g6
 26. Rfa1  h4  27. Ra8
 Rxa8  28. Rxa8+  Kg7
 29. Rb8  Re5  30. Qg4
 Qxg4  31. hxg4  Rg5
 32. f3  Rc5 33. Rb7 Bf8 34. Bxb5 d5 35. e5 d4
36. cxd4 Rc1+ 37. Bf1 Kg8 38. Kf2 Rc2+ 39. Ke1 Rc1+ 40. Kf2 Rc2+ 41. Ke1 Rc1+ 42.
Ke2 Rc2+ 43. Kd1 Rf2 44. Ke1 Rc2 45. g5 Rc1+ 46. Ke2 Rc4 47. Rd7 Rc2+ 48. Kd1
Rxb2 49. Bc4 Rxg2 50. Bxf7+ Kh8 51. Be6 Rxg5 52. Rf7 Bh6 53. Ke2 Rg3 54. Rb7 h3
55. Bxh3 Rxh3 56. e6 Bf8 57. e7 Bxe7 58. Rxe7 Rh2+ 59. Kd3 Rf2 60. d5 Rxf3+ 61.
Kd4 Rf1 62. d6 Rd1+ 63. Ke5 f3 64. Rf7 Rd3 65. d7 Kg8 66. Ke6 Re3+ 67. Kf6 Rd3
68. Ke6 Re3+ 69. Kf6 Rd3 70. Ke6 1/2-1/2

[Event "TIPC 2016"]
[Site "Roux"]
[Date "2016.08.02"]
[Round "5.7"]
[White "Gijsen, Stief"]
[Black "Naumkin, Igor"]
[Result "0-1"]
[BlackElo "2405"]
[WhiteElo "2144"]
[LiveChessVersion "1.4.6"]

1. e4 e6 2. d4 d5 3. Nc3 Nf6 4. Bg5 Be7 5. e5 Nfd7 6. h4 a6 7. Qg4 Bxg5 8. hxg5
c5 9. dxc5 Qc7 10. O-O-O Qxc5 11. g6 Nxe5 12. gxf7+ Kf8 13. Qg3 Nbc6 14. f4 Nxf7
15. f5 d4 16. Ne4 Qa5 17. Bc4 Nce5 18. Bxe6 Bxe6 19. fxe6 Qxa2 20. Qa3+ Qxa3 21.
bxa3 Nd8 22. Nc5 Ke7 23. Re1 Ndc6 24. Nxb7 d3 25. Nf3 Nxf3 26. gxf3 Rac8 27. Rh4
Nd8 28. Rd4 Rxc2+ 29. Kd1 Rc7 30. Nd6 Nxe6 31. Rxd3 Rd8 32. Nf5+ Kf8 33. Kd2 Rcd7
34. Rxd7 Rxd7+ 35. Kc3 Kf7 36. Kb4 Rd3 37. Ne3 Ng5 38. f4 Nf3 39. Re2 Nd4 40. Nc4
Rb3+ 41. Ka4 Rxa3+ 42. Kxa3 Nxe2 0-1

[Event "TIPC 2016"]
[Site "Roux"]
[Date "2016.08.02"]
[Round "5.8"]
[White "Schuermans, Robert"]
[Black "Hautot, Stéphane"]
[Result "0-1"]
[BlackElo "2402"]
[WhiteElo "2128"]
[LiveChessVersion "1.4.6"]

1. e4  c5  2. Nf3  d6
 3. d4  cxd4  4. Nxd4
 Nf6  5. Nc3  g6 
6. Be3  Bg7  7. f3  Nc6
 8. Qd2  O-O  9. Bc4
 Nd7  10. O-O-O  Nb6
 11. Bb3  Na5  12. h4
 Nbc4  13. Qd3  Nxe3
 14. Qxe3  Nxb3+  15. cxb3
 Bd7  16. Kb1  a6
 17. h5  b5  18. hxg6
 fxg6  19. f4  b4
 20. Nd5  e6  21. Nxb4
 a5  22. Nbc2  Qf6
 23. e5  Qxf4  24. Qxf4
 Rxf4  25. exd6  Rf2
 26. Rhe1  e5  27. Re2
 Raf8  28. Rxf2  Rxf2
 29. Nf3  Rxg2  30. Nce1
 Rf2  31. Rd2  Rf1
 32. Re2  Bb5  33. d7 Bxd7
 34. Nxe5  Bf5+  35. Ka1
 h5  36. a4  h4 
37. Ka2  Bxe5 38. Rxe5  h3  39.
Re2  h2 40. Rxh2  Rxe1  41. b4
 Be6+  42. b3  axb4
 43. Rh4  Re2+  44. Kb1
 Re3  0-1

[Event "TIPC 2016"]
[Site "Roux"]
[Date "2016.08.02"]
[Round "5.9"]
[White "Barbier, Wim"]
[Black "Van Der Stricht, Geert"]
[Result "0-1"]
[BlackElo "2368"]
[WhiteElo "2083"]
[LiveChessVersion "1.4.6"]

1. c4  c6  2. g3  d5
 3. Bg2  Nf6  4. Nf3
 Bf5  5. cxd5 cxd5  6. Qb3
 Bc8  7. d3  e6 
8. Nc3  Nc6  9. Bf4  Bd6
 10. Bxd6  Qxd6  11. Nb5
 Qe7  12. Qa3  Qxa3
 13. bxa3  Ke7  14. O-O
 Bd7  15. Rab1  Rhc8
 16. Nbd4  b6  17. Rfc1
 Nxd4  18. Nxd4  Rc5
 19. Nb3  Rxc1+  20. Rxc1
 Rc8  21. e4  dxe4
 22. dxe4  e5  23. f3
 Rxc1+  24. Nxc1  Kd6
 25. Kf2  Bb5  26. Ke3
 g5  27. Ne2  Bxe2
 28. Kxe2  Ne8  29. Ke3
 Kc5  30. Bf1  Nd6
 31. f4  f6  32. fxg5
 fxg5  33. Be2  Nc4+ 34. Kf2 Kd4
35. h4 Nd2 36. hxg5 Nxe4+ 37. Kf3 Nxg5+ 38. Kg4 Nf7 39. Kf5 Nd6+ 40. Kg5 Ne4+ 41.
Kh4 Nc3 42. Bf1 e4 0-1

[Event "TIPC 2016"]
[Site "Roux"]
[Date "2016.08.02"]
[Round "5.11"]
[White "Vanderwaeren, Serge"]
[Black "Faybish, Nimrod"]
[Result "1/2-1/2"]
[BlackElo "2203"]
[WhiteElo "2208"]
[LiveChessVersion "1.4.6"]

1. Nf3 b5 2. e4 a6 3. d4 Bb7 4. Bd3 e6 5. O-O Nf6 6. Re1 c5 7. c3 Be7 8. Nbd2 d6
9. Nf1 cxd4 10. cxd4 Nc6 11. Ng3 O-O 12. a3 Rc8 13. d5 Ne5 14. Nxe5 dxe5 15. dxe6
fxe6 16. Be3 Bc5 17. Bxc5 Rxc5 18. Qb3 Qb6 19. h3 Rc7 20. Kh2 Nd7 21. Be2 Nc5 22.
Qe3 Na4 1/2-1/2

[Event "TIPC 2016"]
[Site "Roux"]
[Date "2016.08.02"]
[Round "5.12"]
[White "Hoffmeister, Frank"]
[Black "De Villers, Mourad"]
[Result "1/2-1/2"]
[BlackElo "2136"]
[WhiteElo "2165"]
[LiveChessVersion "1.4.6"]

1. d4 Nf6 2. c4 g6 3. Nc3 Bg7 4. e4 d6 5. Nf3 O-O 6. Be2 e5 7. O-O Nc6 8. d5 Ne7
9. b4 a5 10. Ba3 axb4 11. Bxb4 Nd7 12. a4 Bh6 13. Nd2 f5 14. Nb3 Nf6 15. Bd3 fxe4
16. Nxe4 Nxe4 17. Bxe4 Bf5 18. f3 Be3+ 19. Kh1 Qd7 20. a5 Bxe4 21. fxe4 Rxf1+ 22.
Qxf1 Rf8 23. Qd3 Ba7 24. Nd2 Rf2 25. Rf1 Rxf1+ 26. Nxf1 Bd4 27. Bd2 Kg7 28. h3
Ng8 29. Nh2 Qa4 30. Nf3 Nf6 31. Kh2 Qa1 32. Bg5 Qc3 33. Qb1 1/2-1/2

[Event "TIPC 2016"]
[Site "Roux"]
[Date "2016.08.02"]
[Round "5.13"]
[White "Henris, Luc"]
[Black "Hawia, Thierry"]
[Result "1-0"]
[BlackElo "2051"]
[WhiteElo "2170"]
[LiveChessVersion "1.4.6"]

1. e4 e5 2. f4 Bc5 3. Nf3 d6 4. c3 Bb6 5. Na3 Nc6 6. Nc4 Bg4 7. Nxb6 axb6 8. h3
Bd7 9. d4 exd4 10. cxd4 Nf6 11. e5 dxe5 12. dxe5 Ne4 13. Bc4 Ng3 14. Rg1 Be6 15.
Bxe6 Qxd1+ 16. Kxd1 fxe6 17. Bd2 O-O 18. a3 Rad8 19. Ke1 Nd4 20. Nxd4 Rxd4 21.
Rc1 Rfd8 22. Rc2 Ne4 23. Be3 Rd1+ 24. Ke2 Ng3+ 25. Kf2 Rxg1 26. Kxg1 Nf5 27. Kf2
Rd3 28. Bc1 c6 29. Rd2 Rxd2+ 30. Bxd2 Ne7 31. Kf3 Kf7 32. g4 g6 33. a4 Ke8 34.
Ke4 Kd7 35. Be1 Nd5 36. Bf2 Ke7 37. f5 Kf7 38. f6 Ke8 39. Be1 c5 40. Bd2 Kf7 41.
Kd3 Ke8 42. Kc4 Nc7 43. a5 bxa5 44. Kxc5 Nd5 45. Bxa5 Nf4 46. h4 h5 47. gxh5 gxh5
48. Kd6 Kf7 49. Bd2 Nd3 50. b4 b5 51. Bc3 Nf4 52. Be1 Nd3 53. Bd2 Nf2 54. Kc6 Nd3
55. Bc3 Nf4 56. Kxb5 Ng2 57. Kc6 Nxh4 58. b5 Nf3 59. b6 h4 60. b7 h3 61. b8=Q h2
1-0

[Event "TIPC 2016"]
[Site "Roux"]
[Date "2016.08.02"]
[Round "5.14"]
[White "Thirion, Marcel"]
[Black "De Herdt, Yasseen"]
[Result "1/2-1/2"]
[BlackElo "2031"]
[WhiteElo "2125"]
[LiveChessVersion "1.4.6"]

1. d4 Nf6 2. c4 e6 3. Nc3 Bb4 4. e3 b6 5. Nge2 Ba6 6. Ng3 h5 7. h4 c5 8. Be2 Nc6
9. a3 Ba5 10. Bd2 Rc8 11. dxc5 bxc5 12. Nce4 Nxe4 13. Nxe4 d5 14. Bxa5 Qxa5+ 15.
b4 Qc7 16. Nxc5 Bxc4 17. Bxc4 dxc4 18. Qa4 O-O 19. Rd1 a5 20. O-O axb4 21. axb4
Nxb4 22. Nxe6 fxe6 23. Qxb4 Qe5 24. Rd4 c3 25. Rc1 c2 26. Qb3 Qf5 27. Rf4 Qg6 28.
Rc4 Rxc4 29. Qxc4 Rd8 30. Rxc2 Rd1+ 31. Kh2 Qf6 32. Ra2 Qe5+ 33. Qf4 Qxf4+ 34.
exf4 Kf7 35. Ra3 Rd5 36. Re3 Kf6 37. Kg3 Ra5 38. Kh3 Ra4 39. g3 Rb4 40. Re5 g6
41. Kg2 Rb2 42. Kf3 Rb3+ 43. Re3 Rb2 44. Rc3 Ra2 45. Ke3 Rb2 46. Rd3 Ra2 47. Rd2
Ra4 1/2-1/2

[Event "TIPC 2016"]
[Site "Roux"]
[Date "2016.08.02"]
[Round "5.15"]
[White "Werner, Ivan"]
[Black "Jognery, Lionel"]
[Result "1-0"]
[BlackElo "1960"]
[WhiteElo "2110"]
[LiveChessVersion "1.4.6"]

1. e4 e5 2. Nf3 d6 3. d4 Nf6 4. Nc3 Nbd7 5. Bc4 Be7 6. O-O O-O 7. dxe5 dxe5 8.
Qe2 c6 9. a4 b6 10. Bg5 Qc7 11. Nh4 Re8 12. Nf5 Bf8 13. Rad1 a6 14. Rd3 b5 15.
axb5 axb5 16. Bb3 Nc5 17. Nh6+ gxh6 18. Bxf6 Nxd3 19. Qxd3 Qd7 20. Nd5 Qg4 21.
Nc7 Be6 22. Nxa8 Bxb3 23. Qxb3 Rxa8 24. f4 exf4 25. Qc3 Ra4 26. b3 Rxe4 27. Qxc6
Qg6 28. Qd5 Re2 29. Rxf4 Rxc2 30. h3 Rc5 31. Qf3 Rc1+ 32. Kh2 h5 33. Rd4 h6 34.
Rd8 Re1 35. Qf2 Re6 36. Qc5 Rd6 37. Qxd6 1-0

[Event "TIPC 2016"]
[Site "Roux"]
[Date "2016.08.03"]
[Round "6.1"]
[White "Gurevich, Mikhail"]
[Black "Miezis, Normunds"]
[Result "1-0"]
[BlackElo "2498"]
[WhiteElo "2561"]
[LiveChessVersion "1.4.6"]

1. d4  Nf6  2. c4  e6
 3. Nc3  Bb4  4. e3
 O-O  5. Nge2  d5
 6. a3  Be7  7. cxd5
 exd5  8. g3  a5 
9. Bg2  c6  10. O-O  Re8
 11. Qc2  Bf8  12. Kh1
 b5  13. e4  dxe4
 14. Nxe4  Bf5  15. f3
 Qe7  16. N2c3  Nbd7
 17. Bd2  Qe6  18. Rae1
 b4  19. axb4  axb4
 20. Nd1  Bg6  21. Ndf2
 Qd5  22. Be3  Qb5
 23. Rc1  Nd5  24. Bd2
 f5  25. Ng5  Re2
 26. Qd1  N7f6  27. Kg1
 Rae8  28. Re1  Rxe1+
 29. Bxe1  h6  30. Ngh3
 Ne3  31. Qd3  Nxg2
 32. Kxg2  Nd5  33. Qxb5
 Ne3+  34. Kg1  cxb5
 35. Nd3  Bf7  36. Bxb4
 Bc4  37. Bxf8  Bxd3
 38. Nf4  Bc4  39. Bd6
 g5  40. Nh5  Kf7
 41. Be5  Nd5  42. Ra1
 Kg6  43. g4  fxg4
 44. fxg4  Kf7  45. Ng3
 Ne3  46. Ne4  Re7
 47. h3  Bd3  48. Nc5
 Bc2  49. Bd6  Re8
 50. Ra7+  Kg8  51. Be5
 Rf8  52. Rg7+  Kh8
 53. Rxg5+  Kh7  54. Rg7+
 Kh8  55. Rb7+  Kg8
 56. Rxb5  Rf1+  57. Kh2
 h5  58. Rb8+  Kf7
 59. Rb7+  Ke8  60. gxh5
 Bf5  61. Kg3  Nd5
 62. Rb3  Rg1+  63. Kh4
 Ne7  64. Rg3  Rf1
 65. Bd6  Nd5  66. h6
 Rd1  67. Rg8+  Kf7
 68. Rg7+  Ke8  69. h7
 Bxh7  70. Rxh7  Rxd4+
 71. Kg5  Rd1  72. Rh8+
 Kf7  73. Rf8+  Kg7
 74. Ne6+  Kh7  75. Rf7+
 Kg8  76. Rf8+  Kh7
 77. Be5  Rg1+  78. Kh5
 1-0

[Event "TIPC 2016"]
[Site "Roux"]
[Date "2016.08.03"]
[Round "6.2"]
[White "Sumets, Andrey"]
[Black "Carlier, Bruno"]
[Result "1-0"]
[BlackElo "2403"]
[WhiteElo "2551"]
[LiveChessVersion "1.4.6"]

1. d4  d6  2. Nf3  Bg4
 3. c4  Nd7  4. g3
 Bxf3  5. exf3  g6
 6. Bg2  Bg7  7. O-O
 c6  8. Nc3  Qb6 
9. d5  Bxc3  10. bxc3  c5
 11. Re1  Qc7  12. Bh3
 O-O-O  13. Rb1  Kb8
 14. Re2  Ka8  15. Qa4
 f5  16. Bg5  Ne5
 17. Bg2  h6  18. Bf4
 Nf7  19. Reb2  Rb8
 20. Bf1  Nf6  21. Re1
 Rhe8  22. Rbe2  b5
 23. cxb5  Nxd5  24. Bd2
 Nb6  25. Qh4  e5
 26. Qf6  Rg8  27. Bg2
 Rbe8  28. f4+  e4
 29. g4  Nd5  30. Qh4
 g5  31. fxg5  hxg5
 32. Qh7  Nb6  33. c4
 d5  34. cxd5  Nxd5
 35. h3  Nd6  36. Qxc7 Nxc7
 37. gxf5  Ncxb5  38. Bxe4+
 Nxe4  39. Rxe4  Rxe4
 40. Rxe4  Nd6  41. Re5
 Nc4  42. Rd5  Nxd2
 43. Rxd2  Kb7  44. Rd6
 c4  45. Kf1  Rh8
 46. Rd4  Rxh3  47. Rxc4
 Rf3  48. Rc5  g4
 49. Kg2  Kb6  50. Rc4
 Rxf5  51. Rxg4  Kc5
 52. Ra4  Rf7  53. f4
 Kd5  54. Kf3  Ke6
 55. Ke4  Rc7  56. Ra6+
 Kf7  57. Kf5  Rc5+
 58. Kg4  Rc7  59. Kg5
 Rc5+  60. f5  Rc7
 61. a4  Kg7  62. a5
 Rb7  63. Rc6  Rd7
 64. a6  Kf7  65. Rc8
 1-0

[Event "TIPC 2016"]
[Site "Roux"]
[Date "2016.08.03"]
[Round "6.3"]
[White "Fontaine, Quentin"]
[Black "Capone, Nicola"]
[Result "0-1"]
[BlackElo "2397"]
[WhiteElo "2238"]
[LiveChessVersion "1.4.6"]

1. c4  Nf6  2. g3  e6
 3. Bg2  d5  4. Nf3
 Nc6  5. cxd5  exd5
 6. O-O  Be7  7. a3
 O-O  8. b4  Nb8 
9. Bb2  c6  10. d3  a5
 11. bxa5  Rxa5  12. Nbd2
 Nbd7  13. Nb3  Ra8
 14. Qc2  Nb6  15. e4
 Na4  16. Bd4  h6
 17. Nfd2  dxe4  18. dxe4
 c5  19. Be3  Be6
 20. Rfd1  Qb6  21. Rab1
 Qa7  22. h3  Nd7
 23. f4  f6  24. Nc4
 Qa6  25. Bf1  b5
 26. f5  bxc4  27. Rxd7
 cxb3  28. Rxb3  Qxf1+
 29. Kxf1  Bxd7  30. Rb7
 Rfd8  31. Kf2  Kf8
 32. Bxh6  Rab8  33. Rxb8
 Rxb8  34. Bc1  Bb5
 35. Bf4  Rd8  36. Qb3
 Be8  37. e5  Rd4
 38. Be3  Rd8  39. e6
 Bc6  40. Qc4  Rd5
 41. Qc2  Bb5  42. Qe4
 Nc3  43. Qf3  Be2
 44. Qf4  Bd6  45. Qh4
 Rxf5+  46. Bf4  Kg8
 47. Ke3  Rh5  48. Bxd6
 Rxh4  49. gxh4  Bf1
 50. Bxc5  Na4  51. Bd4
 Bxh3  52. h5  Bxe6
 53. h6  gxh6  54. Bxf6
 Kf7  55. Bd4  h5
 56. Kf4  h4  57. Kf3
 Kg6  58. Bf2  h3
 59. Bd4  Kf5  60. Kg3
 Ke4  61. Ba7  Kd3
 62. Bb8  Kc4  63. Bc7
 Kb3  64. Bd6  Nc3
 65. Kh2  Nb5  66. Bg3
 Nxa3  67. Bb8  Kc2
 68. Bg3  Kd3  69. Bb8
 Ke4  70. Bg3  Nc4
 71. Bb8  Nd2  72. Bc7
 Nf3+  73. Kh1  Bc4
 74. Bf4  Bf1  75. Be5
 Bg2#  0-1

[Event "TIPC 2016"]
[Site "Roux"]
[Date "2016.08.03"]
[Round "6.4"]
[White "Naumkin, Igor"]
[Black "Boucquet, Emile"]
[Result "1-0"]
[BlackElo "2179"]
[WhiteElo "2405"]
[LiveChessVersion "1.4.6"]

1. d4  Nf6  2. c4  e6
 3. Nf3  d5  4. Nc3
 Be7  5. Bg5  O-O
 6. e3  Nbd7  7. Rc1
 b6  8. Bd3  Bb7 
9. O-O  a6  10. cxd5  exd5
 11. Bf5  h6  12. Bh4
 g6  13. Bb1  Rc8
 14. Ne5  Ne4  15. Bxe7
 Qxe7  16. f4  Nxe5
 17. fxe5  f5  18. Bxe4
 dxe4  19. Ne2  g5
 20. Qb3+  Kh8  21. Rf2
 Qd7  22. Rcf1  Bd5
 23. Qc3  Rf7  24. Ng3
 Be6  25. b3  Rcf8
 26. Nh5  Bd5  27. h3
 Qe6  28. Nf6  f4
 29. exf4  e3  30. Re2
 Rxf6  31. exf6  gxf4
 32. Rxf4  1-0

[Event "TIPC 2016"]
[Site "Roux"]
[Date "2016.08.03"]
[Round "6.5"]
[White "Hautot, Stéphane"]
[Black "Sclacmender, Julien"]
[Result "1-0"]
[BlackElo "2201"]
[WhiteElo "2402"]
[LiveChessVersion "1.4.6"]

1. e4  c6  2. d4  d5
 3. e5  g6  4. Nf3
 Bg7  5. c4  Bg4 
6. Nc3  Bxf3  7. Qxf3  e6
 8. h4  Nd7  9. h5
 g5  10. cxd5  exd5
 11. h6  Nxh6  12. Qh5
 Nf5  13. Bxg5  Qc7
 14. O-O-O  Nf8  15. Bf6
 Bxf6  16. exf6  Qf4+
 17. Rd2  Nd6  18. Qe5+
 Qxe5  19. dxe5  Nc8
 20. g3  Nb6  21. Bd3
 O-O-O  22. f4  Rg8
 23. Rg2  Ne6  24. Ne2
 Nc5  25. Bxh7  Rgf8
 26. Nd4  Nc4  27. b3
 Nb6  28. Re2  Kc7
 29. Bf5  a5  30. Rh7
 Nbd7  31. g4  Rde8
 32. g5  Rh8 33. Rh4 Nb8 1-0

[Event "TIPC 2016"]
[Site "Roux"]
[Date "2016.08.03"]
[Round "6.6"]
[White "Bruno, Ricardo"]
[Black "Van Der Stricht, Geert"]
[Result "0-1"]
[BlackElo "2368"]
[WhiteElo "2024"]
[LiveChessVersion "1.4.6"]

1. e4  c5  2. Nf3  d6
 3. d4  cxd4  4. Nxd4
 Nf6  5. Nc3  a6 
6. Be3  e5  7. Nf3  Qc7
 8. a4  Nc6  9. Be2
 Be7  10. O-O  O-O
 11. Bg5  Nb4  12. a5
 Be6  13. Be3  d5
 14. Bb6  Qd6  15. Nd2
 d4  16. Na4  Rac8
 17. Bd3  Nd7  18. b3
 Bg5  19. Nc4  Qe7
 20. Qe2  Rc6  21. Rfd1
 Bh6  22. Nab2  Rfc8
 23. Ra4  g6  24. Qe1
 Bf8  25. Qd2  Re8
 26. Raa1  h5  27. c3
 Nxd3  28. Qxd3  Nxb6
 29. axb6  dxc3  30. Qxc3
 Qf6  31. Nd3  Bxc4
 32. bxc4  Rxb6  33. Rdb1
 Rxb1+  34. Rxb1  Qc6
 35. c5  Qxe4  36. Re1
 Qd5 0-1